000 00417nam a22001577a 4500
003 OSt
005 20260114145633.0
008 260114b |||||||| |||| 00| 0 eng d
040 _cMRSPTU
041 _aEnglish
100 _aAnita
245 _aPrevention and Isolation of Selective Packet Drop in Manet
260 _bDepartment of CSE, MRSPTU, Bathinda
_c2014
650 _aComputer Science
942 _2ddc
_cTH
_n0
999 _c10629
_d10629